Państwa nieuznawane - Statystyki

Ogólne statystyki
  • Ten quiz został rozwiązany 127 razy
  • Średni wynik to 8 z 18
Statystyki odpowiedzi
# Państwa przez, które zostały uznane/nieuznane JetPunk Państwo % Poprawnych
8 Nieuznawane przez 83 państwa Występuje Kosowo
77%
2 Nieuznawane przez Koreę Północną Występuje Korea Południowa
73%
3 Nieuznawane przez Turcję Występuje Cypr
63%
4 Nieuznawane przez Koreę Południową i Japonię Występuje Korea Północna
62%
7 Nieuznawane przez 51 państw, głównie zachodnich Nie występuje Palestyna
61%
10 Uznawane przez 20 państw, głównie w Ameryce Środkowej i Oceanii Występuje Tajwan
55%
6 Nieuznawane przez 32 państwa, głównie muzułmańskie Występuje Izrael
52%
11 Uznawane przez Rosję, Nauru, Nikaraguę i Wenezuelę Nie występuje Abchazja
44%
15 Uznawane tylko przez #11, #12 i #14 Nie występuje Naddniestrze
44%
12 Uznawane przez Rosję, Nauru, Nikaraguę i Wenezuelę Nie występuje Osetia Południowa
42%
9 Uznawane przez 45 państw, głównie afrykańskich Nie występuje Sahara Zachodnia
40%
13 Uznawane tylko przez Turcję Nie występuje Cypr Północny
36%
5 Nieuznawane przez państwa uznające #10 Występuje Chiny
30%
18 Nieuznawane przez żadne państwo ONZ i państwo nieuznawane Nie występuje Somaliland
30%
14 Uznawane tylko przez #11, #12 i #15 Nie występuje Górski Karabach
24%
1 Nie zostali uznani przez Pakistan Występuje Armenia
23%
16 Uznawane tylko przez #12 i #17 Nie występuje Doniecka Republika Ludowa
14%
17 Uznawane tylko przez #12 i #16 Nie występuje Ługańska Republika Ludowa
14%
Nie znaleziono quizów pasujących do podanych kryteriów
Rozkład punktacji
Procent ludzi z każdym wynikiem
Percentyl według liczby udzielonych odpowiedzi
Twoja historia wyników
Nie rozwiązałeś tego quizu